000 00592nam a22001817a 4500
003 OSt
005 20251215074026.0
008 251215b |||||||| |||| 00| 0 eng d
020 _a0-316-85623-1.
040 _aDWCL-Main lib
_cOC
082 _23rd ed.
_aCirc. 616.15 T936c 1999
100 _aTurgeon, Mary L.
245 _aClinical hematology :
_btheory and procedures
_cTurgeon, Mary L.
260 _aPhiladelphia :
_bLippincott Williams & Wilkins,
_cc1999.
300 _axii, 480 pages :
_billustration ;
_c28 cm.
650 _21. Hematology.
942 _2ddc
_cBK-CIRC
_e3rd edition.
_kCirc.
_n0
999 _c7086
_d7086